000 00360pab a2200145 454500
008 180718b1983 xxu||||| |||| 00| 0 eng d
100 _aNagaria, K.K.
245 _aPre - decisional hearing in administrative process
260 _c1983
300 _a161-6
362 _aApr.-June
650 _aJudicial Procedure
773 _aAdministrator
909 _a11553
999 _c11553
_d11553